000 00646nam a2200181 i 4500
001 37801
003 ES-MaACL
005 20230906155639.0
007 t|
008 030221s1976 sp ||||1| spa d
020 _a84-00-04279-4
100 1 _aCadenas y Vicent, Vicente de.
_933391
245 1 0 _aHeráldica patronímico-española y sus patronímicos compuestos
_b: ensayo heráldico de apellidos originados en los nombres /
_cVicente de Cadenas y Vicent.
260 _aMadrid :
_bHidalguía, Instituto Salazar y Castro,
_c1976.
300 _a326 p. ;
_c26 cm.
504 _aBibliografía: p. 325-326.
852 _aES-MaACL
_jL-10376
_bR.111021
999 _c37801
_d37801